LEADER 01242nam2 22002651i 450 001 VAN0056486 005 20221130011958.757 100 $a20061122d1948 |0itac50 ba 101 $aita 102 $aIT 105 $a|||| ||||| 200 1 $aˆ5: ‰Diritti protestativi, diritti facoltativi, simulazione assoluta, usura e negozio usuraio, interpretazione dei contratti$fGiuseppe Messina 210 $aMilano$cGiuffrè$d1948 215 $a198 p.$d25 cm 461 1$1001VAN0043948$12001 $aScritti giuridici$fGiuseppe Messina$1210 $aMilano$cGiuffrè$1215 $a5 volumi$d25 cm.$v5 620 $dMilano$3VANL000284 676 $a340$cDiritto, legislazione, giurisprudenza$v21 700 1$aMessina$bGiuseppe$3VANV035551$06642 712 $aGiuffrè$3VANV109181$4650 801 $aIT$bSOL$c20221202$gRICA 899 $aBIBLIOTECA DEL DIPARTIMENTO DI GIURISPRUDENZA$1IT-CE0105$2VAN00 912 $aVAN0056486 950 $aBIBLIOTECA DEL DIPARTIMENTO DI GIURISPRUDENZA$d00CONS XV.Ed.241 $e00FP 276270 20061122 Fondo Raffaele Papa 996 $aDiritti protestativi, diritti facoltativi, simulazione assoluta, usura e negozio usuraio, interpretazione dei contratti$91405216 997 $aUNISOB LEADER 03516nam0 22007093i 450 001 RAV0063231 005 20251003044321.0 020 $aIT$b7610377 100 $a19890908d1975 ||||0itac50 ba 101 | $aita$cger$cger$cger 102 $ait 105 $a|||| |||c| 181 1$6z01$ai $bxxxe 182 1$6z01$an 183 1$6z01$anc$2RDAcarrier 200 1 $aMarginalisti matematici$e(Gossen, Launhardt, Auspitz, Lieben)$fa cura di Tullio Bagiotti 210 $aTorino$cUTET$d1975 215 $a973 p., [7] carte di tav.$cill.$d24 cm 225 | $aClassici dell'economia$v7 410 0$1001CFI0032792$12001 $aClassici dell'economia$v7 500 11$aMathematische Begründung der Volkswirtschaftslehre.$3MIL0147239$9RAVV030774$94376561 500 11$aEntwicklung der Gesetze des menschlichen Verkehr, und der daraus fliessenden Regeln für menschliches Handeln$fGossen.$3UBO4793393$9RAVV030771$94376562 500 11$aUntersuchungen über die Theorie des Preises$3UBO4793397$9RAVV030776$94376563 606 $aGossen, Hermann Heinrich$2FIR$3SBLC009585$9I 606 $aLaunhardt, Wilhelm$2FIR$3SBLC009586$9I 606 $aAuspitz, Rudolf$2FIR$3SBLC009587$9I 606 $aLieben, Richard$2FIR$3SBLC009588$9I 606 $aEconomia$xTeorie$2FIR$3CFIC002608$9E 606 $aGossen, Hermann Heinrich$2FIR$3SBLC009585$9I 606 $aLaunhardt, Wilhelm$2FIR$3SBLC009586$9I 606 $aAuspitz, Rudolf$2FIR$3SBLC009587$9I 606 $aLieben, Richard$2FIR$3SBLC009588$9I 676 $a330.01$9ECONOMIA. FILOSOFIA E TEORIA$v21 676 $a330.1$9ECONOMIA. Sistemi e teorie$v20 676 $a330.15$9$v12 676 $a330.157$9ECONOMIA. SCUOLA DELL'UTILITA MARGINALE (SCUOLA AUSTRIACA)$v21 696 $aEconomia reale$aAttività economiche$aAspetti economici 699 $aEconomia$yEconomia reale 699 $aEconomia$zAttività economiche 699 $aEconomia$zAspetti economici 702 1$aBagiotti$b, Tullio$3CFIV088741$4340 702 1$aGossen$b, Hermann Heinrich$3RAVV030771$4070 702 1$aLaunhardt$b, Wilhelm$3RAVV030774$4070 702 1$aAuspitz$b, Rudolf$3RAVV030776$4070 702 1$aLieben$b, Richard$3RAVV030777$4070 790 1$aBiagiotti$b, Tullio$3AUFV000563$zBagiotti, Tullio 790 1$aLaunhardt$b, Guglielmo$3CFIV186679$zLaunhardt, Wilhelm 801 3$aIT$bIT-000000$c19890908 850 $aIT-BN0095 $aIT-NA0537 $aIT-AV0001 $aIT-AV0003 $aIT-AV0007 $aIT-NA0079 $aIT-NA0070 $aIT-NA0075 $aIT-AV0045 $aIT-BN0015 901 $bNAP MV$cC $nCINEMA MUSICA TEATRO SALA C 901 $bNAP BU$c4 B $nPropedeutica. Formato cm. 20,1-28. 901 $bNAP AL$cCARUSO $n$ 901 $bNAP AV$cSEZ. M $nSezione Moderna 901 $bNAP 68$cSC. SOC. $n$ 901 $bNAP AR$cP. CICCONE$nDONAZIONE 912 $aRAV0063231 950 0$aBiblioteca Centralizzata di Ateneo$c15 v. (alcuni in più tomi)$d 01COLL. ITA CLADE$e 01AR 0070034095 VMA (0005.1 1 v.$fB $h20250512$i20250512 977 $a 01$a 68$a AL$a AR$a AV$a BN$a BU$a GE$a MV$a PB 996 $aUntersuchungen über die Theorie des Preises$94376563 996 $aEntwicklung der Gesetze des menschlichen Verkehr, und der daraus fliessenden Regeln für menschliches Handeln$94376562 996 $aMathematische Begründung der Volkswirtschaftslehre$94376561 997 $aUNISANNIO